Nemecký reťazec oslavuje nevídané úspechy

Nemecký reťazec Aldi známy svojimi jednoduchými predajňami s lacnými privátnymi produktmi neuberá plyn vo svojej expanzii v USA. Do roku 2028 plánuje v Amerike otvoriť 3200 obchodov.

Enregistré dans:
Détails bibliographiques
Auteur principal: Dvořák, Jan
Format: Chapitre de livre
Langue:slovaque
Sujets:
Tags: Ajouter un tag
Pas de tags, Soyez le premier à ajouter un tag!

MARC

LEADER 00000naa a2200000 4500
001 0315312
005 20260306141608.5
041 0 |a slo 
044 |a SK 
245 1 0 |a Nemecký reťazec oslavuje nevídané úspechy  |c Jan Dvořák 
520 |a Nemecký reťazec Aldi známy svojimi jednoduchými predajňami s lacnými privátnymi produktmi neuberá plyn vo svojej expanzii v USA. Do roku 2028 plánuje v Amerike otvoriť 3200 obchodov. 
610 2 0 |a reťazce obchodné 
610 2 0 |a potraviny 
610 2 0 |a boj konkurenčný 
610 2 0 |a expanzia 
610 2 0 |a správanie spotrebiteľa 
100 1 |a Dvořák, Jan